000 00772nam a2200277Ia 4500
003 OSt
005 20221005093242.0
006 a|||||r|||| 00| 0
007 ta
008 221004b |||||||| |||| 00| 0 eng d
020 _a0679731806
024 _a39177
037 _cTextual
040 _aCRL
_cCRL
_beng
041 _2eng
_aeng
082 _aO111973,3M73,PH, J3
100 _aCather Willa
110 _aGift from Prof Amitava Banerjee, London
245 0 _aProfessor's House
260 _aNew York
_bVintage Books USA
_c1953
300 _a258p.
_ccm.
650 _aENGLISH LITERATURE
700 _aGift from Prof Amitava Banerjee, London
942 _hO111973,3M73,PH, J3
_cTEXL
_2cc
999 _c1000073
_d1000073